000 00904nam a2200289 i 4500
001 bg
003 BPK
005 20221215134109.0
008 090310s2009 pl a f f |000 0 pol
015 _aPB 2009/7189
020 _a9788372519795
040 _aWA N
_cBPK
080 _a658.1/.5
080 _a005.2
080 _a659.4
080 _a(075.8)
100 1 _aKrawiec, Franciszek
_eAutor
245 1 0 _aKreowanie i zarządzanie reputacją firmy /
_cFranciszek Krawiec.
260 _aWarszawa :
_bCentrum Doradztwa i Informacji Difin,
_c2009.
300 _a144 s. :
_bil. ;
_c23 cm.
504 _aBibliogr. s. 138-144.
655 4 _aPodręczniki akademickie
650 4 _aZarządzanie strategiczne
650 4 _aWizerunek przedsiębiorstwa
856 _uhttp://koha.tu.koszalin.pl/cgi-bin/koha/opac-detail.pl?biblionumber=56050
_yKatalog online BPK
942 _2UKD
_cKS
999 _c56050
_d56050